Flor de Oro : (Registro nro. 13914)

Detalles MARC
000 -LEADER
fixed length control field 01065nam a2200289 a 4500
001 - CONTROL NUMBER
control field
003 - CONTROL NUMBER IDENTIFIER
control field DO-SdBNP
005 - DATE AND TIME OF LATEST TRANSACTION
control field 20220518121802.0
008 - FIXED-LENGTH DATA ELEMENTS--GENERAL INFORMATION
fixed length control field 090703s2019 dr ac 000 f spa d
020 ## - INTERNATIONAL STANDARD BOOK NUMBER
International Standard Book Number 9789945457551
040 ## - CATALOGING SOURCE
Original cataloging agency DO-SdBNP
Language of cataloging spa
Transcribing agency BPMSU
082 ## - DEWEY DECIMAL CLASSIFICATION NUMBER
Classification number 863.5
Item number O66f 2018
Edition number 22
100 1# - MAIN ENTRY--PERSONAL NAME
Personal name Orellana, Francisco José
Dates associated with a name 1820-1891
245 10 - TITLE STATEMENT
Title Flor de Oro :
Remainder of title (Anacaona, reina de Jaragua) /
Statement of responsibility, etc. Francisco José Orellana.
260 ## - PUBLICATION, DISTRIBUTION, ETC. (IMPRINT)
Place of publication, distribution, etc. Santo Domingo :
Name of publisher, distributor, etc. Sociedad Dominicana de Bibliófilo,
Date of publication, distribution, etc. 2019.
300 ## - PHYSICAL DESCRIPTION
Extent 326 p. :
Other physical details il., retrs. ;
Dimensions 24 cm.
490 0# - SERIES STATEMENT
Series statement Bibliófilo 2000;
-- Historia,
Volume/sequential designation 36
500 ## - GENERAL NOTE
General note Incluye referencias bibliográficas y notas al pie de las páginas
500 ## - GENERAL NOTE
General note Esta es una impresión Fascimilar que reproduce las imperfecciones del original
500 ## - GENERAL NOTE
General note Incluye datos biográficos del autor en la contracubierta
590 ## - LOCAL NOTE (RLIN)
Local note Inventariado, 2021/VM
650 #4 - SUBJECT ADDED ENTRY--TOPICAL TERM
Topical term or geographic name as entry element Novela historica española
650 #4 - SUBJECT ADDED ENTRY--TOPICAL TERM
Topical term or geographic name as entry element Literatura española
710 2# - ADDED ENTRY--CORPORATE NAME
Corporate name or jurisdiction name as entry element Sociedad Dominicana de Bibliófilo,
910 ## - USER-OPTION DATA (OCLC)
User-option data VMateo V.
942 ## - ADDED ENTRY ELEMENTS (KOHA)
Source of classification or shelving scheme Dewey Decimal Classification
Koha item type Libros
Existencias
Withdrawn status Lost status Source of classification or shelving scheme Damaged status Not for loan Collection code Home library Current library Date acquired Source of acquisition Total Checkouts Full call number Barcode Date last seen Price effective from Koha item type Copy number
    Dewey Decimal Classification     Colección Dominicana Biblioteca Pública Metropolitana Salomé Ureña Biblioteca Pública Metropolitana Salomé Ureña 12/01/2021 Despacho   BPMSU CD 863.5 O66f 2018 BPMSU21120002 12/01/2021 12/01/2021 Libros  
    Dewey Decimal Classification     Colección Dominicana Biblioteca Pública Metropolitana Salomé Ureña Biblioteca Pública Metropolitana Salomé Ureña 12/01/2021 Despacho   BPMSU CD 863.5 O66f 2018 BPMSU21120003 12/01/2021 12/01/2021 Libros e.3
    Dewey Decimal Classification     Colección Dominicana Biblioteca Pública Metropolitana Salomé Ureña Biblioteca Pública Metropolitana Salomé Ureña 12/01/2021 Despacho   BPMSU CD 863.5 O66f 2018 BPMSU22050048 05/18/2022 12/01/2021 Libros e.3